| 000 | 00658nam a2200229 a 4500 | ||
|---|---|---|---|
| 999 |
_c1086 _d1086 |
||
| 001 | 1086 | ||
| 003 | BD-JhCC | ||
| 005 | 20171015183234.0 | ||
| 008 | 171014s2006 a|||| |||| 00| 0 b d | ||
| 020 | _a9844125561 | ||
| 035 | _a(BD-JhCC)1086 | ||
| 040 |
_aBD-JhCC _dBD-JhCC |
||
| 041 | _aben | ||
| 082 |
_223 _a917.1 _bHAS 2006 |
||
| 100 | _aহোসেন, মিতালী | ||
| 245 |
_aপথে পথেই দেখা / _cমিতালী হোসেন |
||
| 260 |
_aঢাকা : _bঅনন্যা, _c২০০৬ |
||
| 300 |
_a108 p. : _bill. ; _c22cm. |
||
| 650 |
_aTravel _xBengali Literature |
||
| 942 |
_2ddc _cBK |
||